000 00814nam a22002177a 4500
005 20120411115531.0
008 120411t xxu||||| |||| 00| 0 eng d
010 _aENG-105352
020 _a9789381626337
_c295.00
035 _aEN-88885
037 _bDBAD/PUB
040 _aDPL
_bEng
082 _a894.81109
100 _944715
_aGhosh, Bishwanath
245 _aTamarind city :
_cby Bishwanath Ghosh
_bwhere modern India began /
260 _aChennai
_bTranquebar press
_c2012
270 _aVenkat Towers,165, P.H.Road,Maduravoyal
_bChennai
_e600095
300 _axviii,315p.
_c22cm (pbk)
942 _2ddc
_cEN
_mGHO
_h894.81109
999 _c67039
_d67039